书目信息 |
| 题名: |
国际金融阅读与翻译
|
|
| 作者: | 梅仁毅 主编 | |
| 分册: | ||
| 出版信息: | 北京 外语教学与研究出版社 1998.09 |
|
| 页数: | 289页 | |
| 开本: | 16开 | |
| 丛书名: | ||
| 单 册: | ||
| 中图分类: | H319.4 | |
| 科图分类: | ||
| 主题词: | 英语 | |
| 电子资源: | ||
| ISBN: | 7-5600-1314-7 | |
| 000 | 00560nam0 2200193 45 | |
| 001 | 0004100962 | |
| 005 | 20010328101805.5 | |
| 010 | @a7-5600-1314-7@d19.90元 | |
| 100 | @a20000410d1998 km y0chiy0120 ea | |
| 101 | @achi | |
| 105 | @a z 000yy | |
| 200 | 1 | @a国际金融阅读与翻译@AGuo Ji Jin Rong Yue Du Yu Fan Yi@f梅仁毅主编@FMei Ren Yi Zhu Bian |
| 210 | @a北京@c外语教学与研究出版社@d1998.09 | |
| 215 | @a289页@d16开 | |
| 606 | 0 | @a英语 |
| 690 | @aH319.4@v3 | |
| 701 | @a梅仁毅@4主编 | |
| 801 | @aCN@bPftUser@c20000410 | |
| 905 | @dH319.4@eM923@b333648-649@f2 | |
| 国际金融阅读与翻译/梅仁毅主编.-北京:外语教学与研究出版社,1998.09 |
| 289页;16开 |
| ISBN 7-5600-1314-7:19.90元 |
| ● |
| 相关链接 |
|
|
|
正题名:国际金融阅读与翻译
索取号:H319.4/M923
 
预约/预借
| 序号 | 登录号 | 条形码 | 馆藏地/架位号 | 状态 | 备注 |
| 1 | 333648 | 203336489 | 语言库209/209语言库 47排4列6层/ [索取号:H319.4/M923] | 在馆 | |
| 2 | 333649 | 203336498 | 语言库209/209语言库 47排4列6层/ [索取号:H319.4/M923] | 在馆 |